| 000 | 00513nam a22001937a 4500 | ||
|---|---|---|---|
| 005 | 20260601115407.0 | ||
| 008 | 260601b |||||||| |||| 00| 0 eng d | ||
| 020 |
_a9783111130491 _c3201.65 |
||
| 040 | _aMAIN | ||
| 041 | _aGerman | ||
| 082 |
_a809 _bHAN |
||
| 100 |
_aBischoff, Doerte (ed) _926984 |
||
| 245 | _aHandbuch Literatur And Transnationalitat | ||
| 260 |
_aBerlin _bDe Gruyter _c2022 |
||
| 300 | _a545 | ||
| 650 | _aGerman Language | ||
| 700 |
_aHein, Susanne Komfort (ed) _926985 |
||
| 942 | _cBK | ||
| 999 |
_c60951 _d60951 |
||